| 000 | 01332nam a2200325 a 4500 | ||
|---|---|---|---|
| 001 | 000113119 | ||
| 003 | CHAP | ||
| 005 | 20220329144339.0 | ||
| 008 | 170426s2016 mx sm |||||||spa d | ||
| 010 | _a109580 | ||
| 011 | _a110552 | ||
| 040 | _cCHAP | ||
| 090 | _aTesis | ||
| 100 | 1 |
_aHerrera Llampallas, Luis Alejandro _9132020 |
|
| 245 | 1 | 0 |
_aCondición y valoración del Parque Nacional Molino de Flores Netzahualcóyotl, Texcoco Estado de México _h[En línea] _cpor Luis Alejandro Herrera Llampallas. |
| 260 |
_aChapingo, Méx. : _bEl autor, _c2016. |
||
| 500 | _aPara ver el contenido del material haga clic en la liga | ||
| 502 | _aTesis (Ing. en Recursos Naturales Renovables) -- UACH. Departamento de Suelos | ||
| 590 |
_aBATCH-UPD _b05 _c20170426 _lUCH01 _h0910 |
||
| 590 |
_aE5765TAJ _b05 _c20170426 _lUCH01 _h0909 |
||
| 590 |
_aE5765TAJ _b05 _c20170426 _lUCH01 _h0909 |
||
| 650 | 1 | 4 |
_aParque nacional Molino de Flores Nezahualcoyotl, México (Edo.) _xAdminsitración. _9132023 |
| 650 | 1 | 4 |
_aParques nacionales _xAspectos económicos. _9132022 |
| 650 | 1 | 4 |
_aParques nacionales _xZonificación ecológica. _9132021 |
| 650 | 1 | 4 |
_aRecursos naturales _xConservación _zMéxico (Edo.). _995266 |
| 856 |
_aFinding aid _uhttp://10.13.5.2/tesis/sist113119.pdf _zTeclea aquí |
||
| 901 | _aBK | ||
| 942 | _cTESIS | ||
| 942 | _n0 | ||
| 999 |
_c109580 _d109580 |
||